000 00242nam a2200097Ia 4500
001 655237
005 20250826154533.0
008 250824s9999 xx 000 0 und d
245 0 _aRuby Rogers Çıkar Beni Buradan!
_cSue Limb
260 _bALTIN
999 _c655237
_d655237